000 00509cam a22002051i 4500
001 he 68004353
003 DLC
005 20260227111508.0
008 890508s1964 is 000 0 heb
010 _ahe 68004353
035 _a(OCoLC)19857097
040 _aDLC
_cNN
_dDLC
042 _apremarc
050 0 0 _aDS126
_b.A5647
100 1 _aAlon, Yehudah.
245 1 0 _aMi-maḥteret li-tseva-ha-medinah.
260 _a[Afiḳim,
_c1964]
300 _a15 p. ;
_c17 cm.
610 2 0 _aHaganah (Organization)
999 _c34079
_d34079